Functional macrofield perspective : (a religious discourse analysis based on FSP) /

Hlavní autor: Adam, Martin, 1975-
Korporativní autor: Masarykova univerzita. Pedagogická fakulta
Jazyk: Angličtina
Vydáno: Brno : Masarykova univerzita, 2009
Vydání: 2., rozš. vyd.
Edice: Spisy Pedagogické fakulty Masarykovy univerzity ; sv. č. 116
Témata:
Externí odkaz: Digitalizovaný dokument
Fyzický popis: 173 s. ; 24 cm
Knihy
Uloženo v:
LEADER 02514cam a2200649 a 4500
001 nkc20102027498
003 CZ PrNK
005 20101014104935.0
007 ta
008 070806s2009 xr e 000 0 eng d
015 |a cnb002027498 
020 |a 978-80-210-4922-2  |q (brož.) 
035 |a (OCoLC)641496085 
040 |a PNA001  |b cze  |d BOA001  |d ABA001 
072 7 |a 811.111  |x Angličtina  |2 Konspekt  |9 11 
080 |a 27-232/-236  |2 MRF 
080 |a 27-235  |2 MRF 
080 |a 801.73  |2 MRF 
080 |a 81'367  |2 MRF 
080 |a 811.111  |2 MRF 
080 |a 811.111'25  |2 MRF 
080 |a (048.8)  |2 MRF 
100 1 |a Adam, Martin,  |d 1975-  |7 mzk2007382177  |4 aut 
245 1 0 |a Functional macrofield perspective :  |b (a religious discourse analysis based on FSP) /  |c Martin Adam 
250 |a 2., rozš. vyd. 
260 |a Brno :  |b Masarykova univerzita,  |c 2009 
300 |a 173 s. ;  |c 24 cm 
490 1 |a Spisy Pedagogické fakulty Masarykovy univerzity ;  |v sv. č. 116 
500 |a Nad názvem: Masarykova univerzita, Pedagogická fakulta 
500 |a Část. tištěno napříč 
500 |a 200 výt. 
504 |a Obsahuje bibliografii a bibliografické odkazy 
650 0 7 |a biblické texty  |7 ph118860  |2 czenas 
650 0 7 |a biblické verze  |7 ph138438  |2 czenas 
650 0 7 |a textová analýza  |7 ph126628  |2 czenas 
650 0 7 |a syntax  |7 ph117044  |2 czenas 
650 0 7 |a aktuální členění věty  |7 ph388316  |2 czenas 
650 0 7 |a angličtina  |7 ph114056  |2 czenas 
650 0 7 |a překlady do angličtiny  |7 ph124893  |2 czenas 
650 0 9 |a Biblical texts  |2 eczenas 
650 0 9 |a Biblical versions  |2 eczenas 
650 0 9 |a textual criticism  |2 eczenas 
650 0 9 |a syntax  |2 eczenas 
650 0 9 |a functional sentence perspective  |2 eczenas 
650 0 9 |a English language  |2 eczenas 
650 0 9 |a translations into English  |2 eczenas 
655 7 |a studie  |7 fd133597  |2 czenas 
655 9 |a studies  |2 eczenas 
710 2 |a Masarykova univerzita.  |b Pedagogická fakulta  |7 kn20010709279 
810 2 |a Masarykova univerzita.  |b Pedagogická fakulta.  |t Spisy  |0 s 
856 4 1 |u http://www.digitalniknihovna.cz/mzk/uuid/uuid:e17caa10-3427-11e4-8f64-005056827e52  |y Digitalizovaný dokument  |x NDK 
910 2 |a BOA001  |b 2-1238.895 
990 |a BK 
995 |a 01 
991 |b 201003  |c NOV  |j 811.111 ADA 
996 6 |b 2610413135  |c 2-1238.895  |l MZK  |r Sklad / do 1 hodiny  |n 0  |p p.v.  |w 001111201  |u 000010  |a 1  |e BOA001  |j MZK50  |s P 
996 7 |b 2610413136  |c 2-1238.895  |l MZK  |r Sklad / do 1 hodiny  |n 3  |p p.v.  |w 001111201  |u 000020  |a 1  |e BOA001  |j MZK50  |s A